[Event "Penang op-A 5th"]
[Site "Penang"]
[Date "2013.12.10"]
[Round "2"]
[White "Frost, Peter"]
[Black "Lee, Zhi Wei"]
[Result "1/2-1/2"]
[WhiteElo "1787"]
[BlackElo "1565"]
[PlyCount "76"]
[EventDate "2013.12.09"]
[EventType "swiss"]
[EventRounds "9"]
[EventCountry "MAS"]
[SourceTitle "CBM 157 Extra"]
[Source "ChessBase"]
[SourceDate "2013.12.19"]
[SourceVersion "1"]
[SourceVersionDate "2013.12.19"]
[SourceQuality "1"]

1. e4 e6 2. d4 d5 3. Nc3 Bb4 4. Bd3 Ne7 5. a3 Bxc3+ 6. bxc3 c5 7. e5 c4 8. Be2 Qa5 9. Bd2 Qa4 10. Nf3 h6 11. 0-0 Nbc6 12. Qb1 Bd7 13. Ra2 0-0-0 14. Rb2 b6 15. Ra2 g5 16. Kh1 Rdf8 17. Qd1 f6 18. exf6 Rxf6 19. Ne5 Nxe5 20. dxe5 Rf5 21. Be3 Rhf8 22. Bg4 R5f7 23. Bd4 Nc6 24. Qd2 Qa5 25. Qe3 Rf4 26. Qh3 Nxd4 27. cxd4 Rxf2 28. Rg1 Rf1 29. Ra1 Rxa1 30. Rxa1 Re8 31. Rf1 Qd2 32. c3 Qd3 33. Qf3 Qh7 34. Bh5 Re7 35. Qf8+ Kc7 36. Qa8 a5 37. Qa7+ Kc6 38. a4 Qc2 1/2-1/2

[Event "Penang op-A 5th"]
[Site "Penang"]
[Date "2013.12.09"]
[Round "1"]
[White "Lee, Zhi Wei"]
[Black "Kurniawan, Muhamad Agus"]
[Result "0-1"]
[WhiteElo "1565"]
[BlackElo "2038"]
[PlyCount "68"]
[EventDate "2013.12.09"]
[EventType "swiss"]
[EventRounds "9"]
[EventCountry "MAS"]
[SourceTitle "CBM 157 Extra"]
[Source "ChessBase"]
[SourceDate "2013.12.19"]
[SourceVersion "1"]
[SourceVersionDate "2013.12.19"]
[SourceQuality "1"]

1. e4 c5 2. c3 d5 3. exd5 Qxd5 4. d4 g6 5. Nf3 cxd4 6. Qxd4 Nf6 7. Bc4 Qxd4 8. Nxd4 a6 9. 0-0 Bg7 10. Nd2 0-0 11. N2f3 Nbd7 12. Re1 e6 13. Bf4 b5 14. Bb3 Nb6 15. Be5 Bd7 16. a4 bxa4 17. Bxa4 Nc4 18. Re2 Rfc8 19. Rc1 Rc5 20. Bd1 Rd8 21. Kf1 a5 22. b3 Nxe5 23. Rxe5 Nd5 24. Re2 Rxc3 25. Rec2 Rxc2 26. Nxc2 Bh6 27. Ra1 Nc3 28. Be2 Nxe2 29. Kxe2 Bb5+ 30. Ke1 Bg7 31. Rd1 Bc3+ 32. Nd2 f5 33. Na3 Rd5 34. f4 e5 0-1